000 00751nam a2200133Ia 4500
008 160809s9999 xx 000 0 und d
100 _aChalmers, John A.
245 _aWorry is associated with robust reductions in heart rate variability: a transdiagnostic study of anxiety psychopathology
245 _cJohn A. Chalmers, James A. J. Heathers, Maree J. Abbott, Andrew H. Kemp and Daniel S. Quintana.
260 _bBMC Psychology
260 _c3 June 2016
650 _xPSYCHOLOGY
856 _uhttp://download.springer.com/static/pdf/433/art%253A10.1186%252Fs40359-016-0138-z.pdf?originUrl=http%3A%2F%2Fbmcpsychology.biomedcentral.com%2Farticle%2F10.1186%2Fs40359-016-0138-z&token2=exp=1469410371~acl=%2Fstatic%2Fpdf%2F433%2Fart%25253A10.1186%25252F
999 _c300194
_d300194